000
00292nam a22001337a 4500
020
_a
0-7131-2570-5
082
_a
669 COT'I
100
_a
CTTRELL, ALAN
_9
74242
245
_a
AN INTRODUCTION TO METALLURGY
250
_a
2ND
260
_a
LONDON
_b
ELBS
_c
1975
300
_a
548P
942
_c
BK
999
_c
579799
_d
579799